Лазерное и электроэрозийное упрочение материалов

Bibliographic Details
Other Authors: Коваленко В. С. Владимир Сергеевич, Верхотуров А. Д. Анатолий Демьянович, Головко Л. Ф. Леонид Федорович, Подчерняева И. А. Ирина Александровна
Summary:Описаны процессы поверхностного упрочнения материалов лазерным и электроэрозионным методами, основанными на импульсном воздействии концентрированных потоков энергии на вещество. Рассмотрены особенности поглощения энергии лазерного излучения поверхностью материалов и механизм электроэрозионного упрочнения. Приведены модели лазерного и электроэрозионного упрочнения, структурных и фазовых превращений в рабочих поверхностях электродов, описаны физико-механические свойства упрочненных материалов (прочностные характеристики, жаропрочность, остаточные напряжения, износостойкость и др.) Для специалистов, изучающих вопросы повышения износостойкости и надежности инструментов, деталей машин и механизмов.
Language:Russian
Published: Москва, Наука, 1986
Subjects:
Format: Book
KOHA link:https://koha.lib.tpu.ru/cgi-bin/koha/opac-detail.pl?biblionumber=33623

MARC

LEADER 00000nam0a2200000 4500
001 33623
005 20231030215245.0
035 |a (RuTPU)RU\TPU\book\33979 
035 |a BOOK00000630 
090 |a 33623 
100 |a 20011210d1986 k y0rusy50 ca 
101 0 |a rus 
102 |a RU 
105 |a a z 001yy 
200 1 |a Лазерное и электроэрозийное упрочение материалов  |f В. С. Коваленко [и др.] 
210 |a Москва  |c Наука  |d 1986 
215 |a 276 с.  |c ил. 
330 |a Описаны процессы поверхностного упрочнения материалов лазерным и электроэрозионным методами, основанными на импульсном воздействии концентрированных потоков энергии на вещество. Рассмотрены особенности поглощения энергии лазерного излучения поверхностью материалов и механизм электроэрозионного упрочнения. Приведены модели лазерного и электроэрозионного упрочнения, структурных и фазовых превращений в рабочих поверхностях электродов, описаны физико-механические свойства упрочненных материалов (прочностные характеристики, жаропрочность, остаточные напряжения, износостойкость и др.) Для специалистов, изучающих вопросы повышения износостойкости и надежности инструментов, деталей машин и механизмов. 
610 1 |a электротехнология 
610 1 |a лазерная обработка 
610 1 |a металлы 
610 1 |a упрочнение 
610 1 |a электроэрозионная обработка 
675 |a 621.7/9.048  |v 3 
701 1 |a Коваленко  |b В. С.  |g Владимир Сергеевич 
701 1 |a Верхотуров  |b А. Д.  |g Анатолий Демьянович 
701 1 |a Головко  |b Л. Ф.  |g Леонид Федорович 
701 1 |a Подчерняева  |b И. А.  |g Ирина Александровна 
801 0 |a RU  |b 63413507  |c 20011210  |g PSBO 
801 2 |a RU  |b 63413507  |c 20150821  |g PSBO 
900 |a Лазерная технология и оборудование 
900 |a Электротехнологические промышленные установки 
942 |c BK